Statistiques concernant 50 mots en "ine"

Cliquez ici pour prendre le quiz!

Statistiques générales

  • Ce quiz a été pris 215 fois
  • Le résultat moyen est 29 sur 50

Statistiques - réponses

QuestionRéponse% Correct
Une des sœurs de l'orange (ordre alphabetique)Clémentine
98%
Président russe, ou plat québécoisPoutine
92%
Les enfants aiment ce genre de chansonsComptine
91%
La deuxième soeur de l'orangeMandarine
91%
Qu'est ce qu'on est serré au fond de cette boite, chantent les .......Sardine
91%
Premier pays a dépassé le milliard d'habitantsChine
88%
Fille de mon oncleCousine
88%
Elle peut être A, B, C, D, E, et bon pour le corpsVitamine
88%
Prénom du footballeur ZidaneZinédine
87%
Pain au chocolat ou l'autreChocolatine
85%
On la recherche pendant une activité, la montée d'Adrenaline
83%
Restaurant, self, RUCantine
82%
Substance dans la cigaretteNicotine
82%
Tubulaire, creusée, on s'y baigne souvent l'étéPiscine
82%
Inde si tu change les lettresDine
81%
Noce, disque, outils de DJPlatine
79%
Elle apparaît souvent dans la ratatouilleAubergine
75%
Voiture de starLimousine
72%
Marque, _ _ _ _ _ _ _ _ _ _ c'est mon eauCristaline
71%
Saint Vincent et les _ _ _ _ _ _ _ _ _ , sirop pour diabolo ou MonacoGrenadine
71%
Pipi dans un autre nomUrine
70%
Style d'orange, lien avec ce qui coule dans nos veinesSanguine
68%
Sarajevo pour capitaleBosnie-Herzégovine
67%
Les diabétiques en ont absolument besoinInsuline
64%
Astronome russe prénommé YouriGagarine
61%
Navigation sur mer, prénom féminin, style de bleuMarine
60%
Ecole obligatoire pour travailler dans un hôpitalMédecine
58%
Marque pour préparer la purée rapidementMousline
56%
Partie de l'oeilRétine
55%
Marque de voiture françaiseAlpine
49%
En anglais cela équivaut a une date butoirDeadline
48%
Famille des pêches, cite moi la plus connueNectarine
47%
Les pommes au fourDauphine
45%
Stimulant le système nerveux, utilisée en rave partyCocaïne
44%
Durant le covid, professeur Raoult la voulait absolumentChloroquine
40%
racine carré d'une centaineDizaine
40%
Colorie en synonymeDéssine
39%
La rose en contientEpine
39%
Anagramme du mot d'avant devenant animalLapine
38%
Du nord ou du sud aux USACaroline
34%
Dafalgan l'utilise, elle est a base d'opiumCodéine
26%
Professeur de Quidditch dans Harry PotterBibine
25%
2eme anagramme avec les même lettres, lieu entre deux montagnesPlaine
24%
Rivière de Bretagne, dans le département 35Vilaine
23%
Urbex : signifie ExplorationUrbaine
22%
Quand on a une ligne au loto, on crieQuine
19%
Distillat de pétrole a mettre sur la peauParaffine / Vaseline
12%
Nom d'un antibiotique pour les dents, a effet thérapeutiqueAmoxicilline
11%
Une habitante du département 22Costarmoricaine
10%
Actuellement le seul pilote en f1 qui a gagné au moins une course (nom de famille)Irvine
1%

Distribution des résultats

Percentile par nombre de réponses

% des personnes avec chaque résultat

Votre développement - résultats

Vous n’avez pas pris ce quiz